Regional (Record no. 77964)

MARC details
000 -LEADER
fixed length control field 00881cab a2200229 4500
001 - CONTROL NUMBER
control field ##L135648
008 - FIXED-LENGTH DATA ELEMENTS--GENERAL INFORMATION
fixed length control field 061121n2006 000 0 eng u
035 ## - SYSTEM CONTROL NUMBER
System control number (Sirsi) u135648
041 0# - LANGUAGE CODE
Language code of text/sound track or separate title eng
100 1# - MAIN ENTRY--PERSONAL NAME
Personal name Greig-Smith, Heather
245 00 - TITLE STATEMENT
Title Regional
Remainder of title north-west
260 ## - PUBLICATION, DISTRIBUTION, ETC.
Date of publication, distribution, etc. 2006
490 #0 - SERIES STATEMENT
Series statement Property Week
Volume/sequential designation 71(45) 10 November 2006, 103-133(10)
520 ## - SUMMARY, ETC.
Summary, etc. Considers Ethel Austin Properties' £675m investment portfolio, retail plans for the Manchester suburb of Chorlton, Argent's commercial development Hive scheme in Manchester's northern quarter, and the relocation of the BBC to Salford's Mediacity site. Includes news and deals from across the region.
590 ## - LOCAL NOTE (RLIN)
Local note KA
651 #4 - SUBJECT ADDED ENTRY--GEOGRAPHIC NAME
Geographic name NORTHWEST ENGLAND
651 #4 - SUBJECT ADDED ENTRY--GEOGRAPHIC NAME
Geographic name MANCHESTER
651 #4 - SUBJECT ADDED ENTRY--GEOGRAPHIC NAME
Geographic name SALFORD
651 #4 - SUBJECT ADDED ENTRY--GEOGRAPHIC NAME
Geographic name CHORLTON
690 ## - LOCAL SUBJECT ADDED ENTRY--TOPICAL TERM (OCLC, RLIN)
Topical term or geographic name as entry element PROPERTY-COMMERCIAL PROPERTY-COMMERCIAL PROPERTY MARKET
942 ## - ADDED ENTRY ELEMENTS (KOHA)
Suppress in OPAC 0
Holdings
Withdrawn status Lost status Source of classification or shelving scheme Damaged status Not for loan Home library Current library Shelving location Date acquired Total Checkouts Full call number Barcode Date last seen Copy number Price effective from Koha item type
    Dewey Decimal Classification     London London Journal article 21/11/2006   L135648 135648-1001 06/08/2019 1 06/08/2019 Journal article